Top 50 Poland Caps Since 2000 - Statistics

General Stats
  • This quiz has been taken 54 times
  • The average score is 23 of 53
Answer Stats
Debut Last Most Apps For Pos Player Cps Gls % Correct
2002 2013 Shakhtar Donetsk DM Mariusz Lewandowski 66 5
100%
2008 Bayern Munich ST Robert Lewandowski 147 75
100%
2010 2022 Torino CB Kamil Glik 101 6
93%
2012 Napoli ST Arkadiusz Milik 71 15
91%
2007 2019 Borussia Dortmund RB Łukasz Piszczek 66 3
91%
2006 2023 Borussia Dortmund RW Jakub Błaszczykowski 107 19
89%
2009 Juventus GK Wojciech Szczęsny 82
86%
2006 2021 West Ham United GK Łukasz Fabiański 54
84%
2013 Napoli CM Piotr Zieliński 90 12
84%
1998 2013 Liverpool GK Jerzy Dudek 58
80%
2008 2023 Reims DM Grzegorz Krychowiak 98 5
70%
2017 Southampton CB Jan Bednarek 58 1
68%
2002 2010 Borussia Dortmund ST Euzebiusz Smolarek 47 20
61%
2008 Pogoń Szczecin LW Kamil Grosicki 91 13
59%
2004 2017 Celtic GK Artur Boruc 65
52%
2014 Sampdoria CM Karol Linetty 47 5
52%
2011 Leeds United CM Mateusz Klich 40 2
52%
2018 Zagłębie Lubin ST Krzysztof Piątek 29 11
50%
2019 Dynamo Moscow AM Sebastian Szymański 35 3
48%
2021 PAOK ST Karol Świderski 32 11
45%
2013 Sampdoria RB Bartosz Bereszyński 56
43%
2009 2021 Lokomotiv Moscow LB Maciej Rybus 63 2
43%
1993 2008 Lyon CB Jacek Bąk 72 2
36%
1998 2009 Nuremberg LM Jacek Krzynówek 95 15
36%
2002 2013 Anderlecht CB Marcin Wasilewski 58 1
36%
2007 2019 Jagiellonia CB Michał Pazdan 37
36%
2018 Jagiellonia RW Przemysław Frankowski 42 3
36%
2003 2012 Auxerre ST Ireneusz Jeleń 29 5
34%
2017 Dyanmo Kyiv RB Tomasz Kędziora 32 1
34%
2010 2022 Legia Warsaw RB Artur Jędrzejczyk 40 3
32%
2006 2016 Legia Warsaw LB Jakub Wawrzyniak 44 1
32%
2009 2014 Lille AM Ludovic Obraniak 34 6
32%
1996 2005 Schalke CB Tomasz Hajto 35 2
32%
2010 2013 Trabzonspor AM Adrian Mierzejewski 40 3
30%
1999 2011 Olympiacos CB Michał Żewłakow 101 3
30%
2005 2014 Wisła Kraków ST Paweł Brożek 36 9
30%
2008 2016 Legia Warsaw DM Tomasz Jodłowiec 47 1
27%
2002 2007 Southampton ST Grzegorz Rasiak 37 8
25%
2002 2011 Wisła Kraków CB Arkadiusz Głowacki 29
23%
2004 2012 Wisła Kraków DM Dariusz Dudka 63 2
23%
1998 2008 Wisła Kraków ST Maciej Żurawski 68 17
23%
2001 2009 Wisła Kraków LM Kamil Kosowski 52 4
20%
2013 2018 Śląsk Wrocław DM Krzysztof Mączyński 29 2
20%
2003 2015 Śląsk Wrocław AM Sebastian Mila 37 8
20%
2006 2012 Lech Poznań CM Rafał Murawski 46 1
18%
2008 2018 Wisła Płock LW Sławomir Peszko 43 2
18%
1997 2006 Widzew Łódź AM Mirosław Szymkowiak 30 3
16%
1998 2006 ŁKS Łódź CB Tomasz Kłos 54 5
14%
2003 2008 Heerenveen DM Arkadiusz Radomski 30
11%
2000 2006 Wisła Kraków CB Marcin Baszczyński 35 1
11%
1999 2004 Amica Wronki ST Paweł Kryszałowicz 32 10
11%
2003 2007 Wisła Kraków DM Radosław Sobolewski 31 1
11%
1994 2006 Feyenoord LB Tomasz Rząsa 35
11%
No matching quizzes found
Score Distribution
Percent of People with Each Score
Percentile by Number Answered
Your Score History
You have not taken this quiz